00645nam a2200193Ia 4500003000900000008004100009020002200050040001600072080001900088245012600107260003600233300001000269650002800279650003100307650003100338700002700369700002500396700003000421IN-BaIIA211028s9999 xx 000 0 eng d a978-0-8243-0946-6 cIIA Library a(05)52bANN-46 0aAnnual review of astronomy and astrophysicsbvol. 46cedited by Roger Blandford, Ewine Fleur van Dishoeck and J Kormendy aPalo AltobAnnual Reviewsc2008 a585p. aAstronomy - periodicals aAstronomy and astrophysics aAstrophysics - periodicals aBlandford, Roger., ed. aKormendy, John., ed. avan Dishoeck, Eurine, ed.